[Event "TCh-CRO Gp1B"]
[Site "Sibenik CRO"]
[Date "2010.09.05"]
[Round "2"]
[White "Vlaic,B"]
[Black "Srbis,J"]
[Result "1/2-1/2"]
[WhiteElo "2288"]
[BlackElo "2277"]
[EventDate "2010.09.04"]

1. d4 Nf6 2. Nf3 e6 3. e3 c5 4. Bd3 Nc6 5. b3 d5 6. Bb2 Bd6 7. Nbd2 O-O 8.
O-O Qc7 9. c4 cxd4 10. exd4 Rd8 11. Rc1 Bf4 12. Qe2 a5 13. Rcd1 a4 14. Bb1
axb3 15. axb3 Qb6 16. Qd3 dxc4 17. Nxc4 Qb5 18. g3 Bc7 19. Qe3 Qh5 20. Nce5
Nb4 21. Rc1 Nbd5 22. Qg5 h6 23. Qxh5 Nxh5 24. Bd3 Nhf6 25. Ra1 Bd7 26. Nxd7
Nxd7 27. Rfc1 Bd6 28. Kf1 N7b6 29. Be4 Bb4 30. Rxa8 Rxa8 31. Ra1 Rxa1+ 32.
Bxa1 f6 33. Bb2 Kf7 34. Ne1 Nc8 35. Nd3 Bd6 36. Ke2 Nce7 37. f4 Nc6 38. f5
Na5 39. Nc1 Ke7 40. Kd2 b6 41. fxe6 Kxe6 42. Bc2 f5 43. Bd1 Be7 44. Nd3
Bg5+ 45. Ke2 Nc6 46. Ne1 Bf6 47. Nf3 g5 48. Kd3 b5 49. Be2 g4 50. Ne1 h5
51. Nc2 Bg5 52. Bc3 f4 53. Bd2 Kf5 54. Bf1 h4 55. gxf4 Bxf4 56. Bg2 Nce7
57. h3 g3 58. Be4+ Kf6 59. Be1 Bc1 60. Ke2 Nf4+ 61. Kf3 Nxh3 62. Kg4 Ng5
63. Bg2 Nf5 64. d5 Nf7 65. Bc3+ Kg6 66. Kh3 Kg5 67. Ne1 Ne3 68. d6 Nxd6 69.
Nf3+ Kh5 70. Nxh4 Nxg2 71. Nxg2 Bg5 72. Be5 Ne4 73. Bxg3 Nd2 74. Bf4 Nxb3
75. Kg3 Nd4 76. Kf2 b4 77. Bxg5 Kxg5 78. Ne1 b3 79. Nd3 Kf5 80. Ke3 Nb5 81.
Nb2 Ke5 82. Kd3 Kd5 83. Na4 Nd4 1/2-1/2

[Event "TCh-CRO Gp1B"]
[Site "Sibenik CRO"]
[Date "2010.09.05"]
[Round "2"]
[White "Orak,L"]
[Black "Grgurevic,B"]
[Result "1-0"]
[WhiteElo "2317"]
[BlackElo "2219"]
[EventDate "2010.09.04"]

1. e4 e5 2. Nf3 Nc6 3. Bb5 d6 4. d4 Bd7 5. O-O Be7 6. Nc3 Nf6 7. Re1 O-O 8.
Bxc6 Bxc6 9. dxe5 dxe5 10. Qxd8 Raxd8 11. Nxe5 Bxe4 12. Nxe4 Nxe4 13. Nd3
f5 14. f3 Bc5+ 15. Nxc5 Nxc5 16. Bg5 Rd5 17. Be7 Rc8 18. c4 Rd2 19. Bxc5
Rxb2 20. Bd4 Rd2 21. Rad1 Rxd1 22. Rxd1 Rd8 23. Rd2 Rd6 24. Be3 Rc6 25. c5
b6 26. cxb6 axb6 27. Kf2 h6 28. h4 Rc4 29. Kg3 b5 30. Rd5 c6 31. Rxf5 Ra4
32. Rc5 Rxa2 33. Rxc6 Re2 34. Bd4 Rd2 35. Be5 Rd5 36. f4 Rd3+ 37. Kg4 h5+
38. Kxh5 b4 39. g4 b3 40. Rc7 b2 41. Bxb2 Rd5+ 42. Be5 1-0

[Event "TCh-CRO Gp1B"]
[Site "Sibenik CRO"]
[Date "2010.09.05"]
[Round "2"]
[White "Malenica,M"]
[Black "Car,T"]
[Result "0-1"]
[WhiteElo "2225"]
[BlackElo "2252"]
[EventDate "2010.09.04"]

1. d4 Nf6 2. Nf3 g6 3. c4 Bg7 4. Nc3 O-O 5. Bf4 d6 6. e3 Nbd7 7. Be2 Nh5 8.
Bg5 h6 9. Bh4 g5 10. Nd2 gxh4 11. Bxh5 e5 12. d5 a6 13. e4 Qg5 14. Qe2 f5
15. O-O-O Nc5 16. Bf3 b5 17. b4 Nxe4 18. Ncxe4 fxe4 19. Bxe4 bxc4 20. Qxc4
Bd7 21. f3 Bb5 22. Qc2 a5 23. a4 axb4 24. axb5 Ra3 25. Kb1 Rfa8 26. Nb3 Qe3
27. Rd3 Qa7 28. Nc1 Ra1+ 29. Kb2 h5 30. g4 hxg4 31. fxg4 Bh6 32. Qb3 Qf2+
33. Qc2 Bxc1+ 0-1

[Event "TCh-CRO Gp1B"]
[Site "Sibenik CRO"]
[Date "2010.09.05"]
[Round "2"]
[White "Zelic,Ml"]
[Black "Gradiser,D"]
[Result "1-0"]
[WhiteElo "2291"]
[BlackElo "1966"]
[EventDate "2010.09.04"]

1. e4 c5 2. d4 cxd4 3. c3 dxc3 4. Nxc3 Nc6 5. Nf3 d6 6. Bc4 e6 7. O-O Nf6
8. Qe2 a6 9. Rd1 Qc7 10. Bf4 Be7 11. Rac1 O-O 12. Bb3 e5 13. Be3 Qb8 14.
Na4 Bd8 15. Nb6 Bxb6 16. Bxb6 Bg4 17. h3 Bxf3 18. Qxf3 Nd4 19. Bxd4 exd4
20. Rxd4 Qe8 21. Rxd6 Qxe4 22. Rxf6 Qe7 23. Rb6 Rab8 24. Qf4 h6 25. Rc7
Qe1+ 26. Kh2 Rbd8 27. Bxf7+ Kh7 28. Qf5+ 1-0

[Event "TCh-CRO Gp1B"]
[Site "Sibenik CRO"]
[Date "2010.09.05"]
[Round "2"]
[White "Prpic,I"]
[Black "Bozanic,I"]
[Result "1/2-1/2"]
[WhiteElo "2011"]
[BlackElo "2249"]
[EventDate "2010.09.04"]

1. e4 e5 2. Nf3 Nc6 3. Bc4 Nf6 4. Ng5 d5 5. exd5 b5 6. Bxb5 Qxd5 7. Bxc6+
Qxc6 8. Qf3 e4 9. Qb3 h6 10. Nxf7 Be6 11. Ne5 Bxb3 12. Nxc6 Bxc2 13. O-O
Bc5 14. b4 Bd6 15. Bb2 O-O 16. a3 Bd3 17. Re1 Ng4 18. Bd4 Bxh2+ 19. Kh1 Bd6
20. Kg1 Rf5 21. Nc3 Rh5 22. Nxe4 Bh2+ 23. Kh1 Rf8 24. f3 Bg3+ 25. Kg1 Bh2+
26. Kh1 Bg3+ 1/2-1/2

[Event "TCh-CRO Gp1B"]
[Site "Sibenik CRO"]
[Date "2010.09.05"]
[Round "2"]
[White "Horvat,Sa"]
[Black "Tomljanovic,G"]
[Result "1/2-1/2"]
[WhiteElo "2189"]
[BlackElo "2121"]
[EventDate "2010.09.04"]

1. e4 d6 2. d4 g6 3. Nc3 Bg7 4. Bg5 c6 5. Qd2 Nf6 6. f4 O-O 7. Bd3 Qc7 8.
Nf3 b5 9. a3 a6 10. O-O Ne8 11. Kh1 f6 12. Bh4 e5 13. Rad1 Bh6 14. Bg3 Bg4
15. Be2 Nd7 1/2-1/2

[Event "TCh-CRO Gp1B"]
[Site "Sibenik CRO"]
[Date "2010.09.05"]
[Round "2"]
[White "Saric,Ib"]
[Black "Chatalbashev,B"]
[Result "1/2-1/2"]
[WhiteElo "2565"]
[BlackElo "2606"]
[EventDate "2010.09.04"]

1. c4 b6 2. Nc3 Bb7 3. e4 e5 4. Nf3 Nc6 5. Be2 Nf6 6. O-O Bb4 7. Nd5 O-O 8.
Nxb4 Nxb4 9. d3 d6 10. Bg5 h6 1/2-1/2

[Event "TCh-CRO Gp1B"]
[Site "Sibenik CRO"]
[Date "2010.09.05"]
[Round "2"]
[White "Georgiev,Vl"]
[Black "Berczes,D"]
[Result "1/2-1/2"]
[WhiteElo "2573"]
[BlackElo "2520"]
[EventDate "2010.09.04"]

1. d4 c6 2. c4 d5 3. e3 Nf6 4. Nc3 g6 5. Nf3 Bg7 6. Be2 O-O 7. O-O dxc4 8.
Ne5 Nfd7 9. f4 Nxe5 10. fxe5 c5 11. Ne4 cxd4 12. exd4 Nc6 13. Be3 Bf5 14.
Ng5 h6 15. g4 Bd3 16. Bxd3 1/2-1/2

[Event "TCh-CRO Gp1B"]
[Site "Sibenik CRO"]
[Date "2010.09.05"]
[Round "2"]
[White "Brulic,D"]
[Black "Mrdja,M"]
[Result "1/2-1/2"]
[WhiteElo "2331"]
[BlackElo "2393"]
[EventDate "2010.09.04"]

1. Nf3 d5 2. d4 c6 3. g3 Bg4 4. Bg2 Nd7 5. Nbd2 e6 6. e4 dxe4 7. Nxe4 Ngf6
8. Qe2 Nxe4 9. Qxe4 Nf6 10. Qe3 Qa5+ 11. Bd2 Qa6 12. Ne5 Bf5 13. c4 Bd6 14.
O-O O-O 15. a4 Rfd8 16. Rfc1 Bxe5 17. dxe5 Ng4 18. Qf4 Nxe5 19. Qxe5 Rxd2
20. g4 Bg6 21. a5 Rad8 22. b4 f6 23. Qc5 Be8 24. Bf1 e5 25. g5 b6 26. Qe7
Qc8 27. gxf6 Qg4+ 28. Bg2 gxf6 29. Qxf6 R2d6 30. Qf3 1/2-1/2

[Event "TCh-CRO Gp1B"]
[Site "Sibenik CRO"]
[Date "2010.09.05"]
[Round "2"]
[White "Jukic,Zd"]
[Black "Susak,Z"]
[Result "1/2-1/2"]
[WhiteElo "2299"]
[BlackElo "2214"]
[EventDate "2010.09.04"]

1. e4 c5 2. Nf3 Nc6 3. c3 Nf6 4. e5 Nd5 5. d4 cxd4 6. cxd4 d6 7. exd6 Qxd6
8. Nc3 e6 9. Be2 Be7 10. O-O O-O 11. Ne4 Qd8 12. Ne5 Qb6 13. Nxc6 Qxc6 14.
Bf3 Qb6 15. Nc3 Rd8 16. Nxd5 exd5 17. Qd3 Bf6 18. Rd1 Be6 19. Be3 Rac8
1/2-1/2

[Event "TCh-CRO Gp1B"]
[Site "Sibenik CRO"]
[Date "2010.09.05"]
[Round "2"]
[White "Ivic,Mat"]
[Black "Rosandic,D"]
[Result "1-0"]
[WhiteElo "2272"]
[BlackElo "2265"]
[EventDate "2010.09.04"]

1. e4 c6 2. d4 g6 3. Nc3 d5 4. e5 h5 5. Bd3 Nh6 6. Nge2 Bg4 7. h3 Bxe2 8.
Qxe2 e6 9. g4 h4 10. Be3 Qb6 11. Qd2 Nd7 12. O-O O-O-O 13. a3 Kb8 14. b4
Nxe5 15. Bf4 f6 16. dxe5 g5 17. Bh2 f5 18. Na4 Qc7 19. Nc5 Bxc5 20. bxc5
fxg4 21. Rab1 Ka8 22. Rb4 gxh3 23. Rfb1 Rb8 24. Ra4 Rbf8 25. Rb6 Qf7 26. f4
Kb8 27. Qa5 axb6 28. Qa8+ Kc7 29. cxb6+ 1-0

[Event "TCh-CRO Gp1B"]
[Site "Sibenik CRO"]
[Date "2010.09.05"]
[Round "2"]
[White "Zovko,Mari"]
[Black "Curic,D"]
[Result "1/2-1/2"]
[WhiteElo "2213"]
[BlackElo "2245"]
[EventDate "2010.09.04"]

1. e4 c5 2. Nf3 e6 3. c3 d6 4. d4 Nd7 5. Bd3 Ngf6 6. O-O Be7 7. Re1 e5 8.
Nbd2 O-O 9. a4 Re8 10. dxe5 dxe5 11. Bc4 Rf8 12. a5 Qc7 13. Nf1 Nb8 14. h3
Nc6 15. a6 bxa6 16. Bxa6 Rb8 17. Bxc8 Rfxc8 18. Qc2 Na5 19. Bg5 Nb3 20.
Rad1 c4 21. Ne3 h6 22. Bxf6 Bxf6 23. Nd5 Qd6 24. Nxf6+ Qxf6 25. Rd5 Re8 26.
Red1 Qf4 27. Qe2 Nc1 28. Qxc4 Rxb2 29. R5d2 Reb8 30. Rxb2 Rxb2 31. Qc8+ Kh7
32. Qf5+ Qxf5 33. exf5 Ne2+ 34. Kh2 e4 35. Ne5 Nxc3 36. Rd7 Rxf2 37. Rxf7
e3 38. Ng4 Kg8 39. Re7 Rxf5 40. Nxe3 1/2-1/2

[Event "TCh-CRO Gp1B"]
[Site "Sibenik CRO"]
[Date "2010.09.05"]
[Round "2"]
[White "Georgiev,Ki"]
[Black "Ragger,M"]
[Result "1/2-1/2"]
[WhiteElo "2685"]
[BlackElo "2628"]
[EventDate "2010.09.04"]

1. d4 d5 2. c4 c6 3. Nf3 Nf6 4. Nc3 e6 5. e3 Nbd7 6. Qc2 Bd6 7. Bd3 O-O 8.
O-O dxc4 9. Bxc4 a6 10. Rd1 b5 11. Be2 Qc7 12. Ne4 Nxe4 13. Qxe4 e5 14. Qd3
exd4 15. Qxd4 Be7 16. Qf4 Qxf4 17. exf4 Bf6 18. Nd4 c5 19. Bf3 Ra7 20. Nc6
Rc7 21. Bd2 b4 22. Rac1 Bb7 23. Nxb4 Bxb2 24. Rc2 Bxf3 25. gxf3 Bf6 26.
Nxa6 Ra7 27. Be3 Rxa6 28. Rxd7 Rc8 29. Rxc5 Rxc5 30. Bxc5 Rxa2 31. Be7 Bxe7
32. Rxe7 f5 33. Kg2 Ra1 34. Re5 1/2-1/2

[Event "TCh-CRO Gp1B"]
[Site "Sibenik CRO"]
[Date "2010.09.05"]
[Round "2"]
[White "Bogut,Z"]
[Black "Tratar,M"]
[Result "1/2-1/2"]
[WhiteElo "2451"]
[BlackElo "2475"]
[EventDate "2010.09.04"]

1. e4 e6 2. d4 d5 3. Nd2 c5 4. exd5 Qxd5 5. Ngf3 cxd4 6. Bc4 Qd6 7. O-O Nf6
8. Nb3 Nc6 9. Nbxd4 Nxd4 10. Nxd4 Be7 11. c3 O-O 12. Qe2 1/2-1/2

[Event "TCh-CRO Gp1B"]
[Site "Sibenik CRO"]
[Date "2010.09.05"]
[Round "2"]
[White "Dimitrijevic,Da"]
[Black "Filipovic,Ma"]
[Result "1-0"]
[WhiteElo "2262"]
[BlackElo "2351"]
[EventDate "2010.09.04"]

1. e4 c5 2. b3 Nf6 3. e5 Nd5 4. Bb2 Nc6 5. Nf3 e6 6. g3 Be7 7. Bg2 O-O 8.
O-O d6 9. exd6 Qxd6 10. Na3 Bf6 11. Nc4 Qc7 12. d4 Rd8 13. c3 cxd4 14. cxd4
Bd7 15. Qe2 Be8 16. Rfd1 Rac8 17. h4 h6 18. h5 Nb6 19. Ne3 Nb4 20. a3 N4d5
21. Ng4 Be7 22. Rac1 Qb8 23. Nfe5 Rxc1 24. Rxc1 Rc8 25. Nc4 Bf8 26. Bf1 Nd7
27. Re1 N7f6 28. Nge5 b5 29. Na5 Qb6 30. b4 Nc3 31. Qc2 Qc7 32. Rc1 Ncd5
33. Qe2 Qb8 34. Nec6 Qb6 35. Qxb5 Nxh5 36. Qc4 Bd7 37. Rc2 Nxg3 38. Bg2 Nf5
39. Bxd5 exd5 40. Qxd5 Be6 41. Qf3 Bd7 42. d5 Re8 43. Rc1 Nh4 44. Qg3 Re4
45. Nc4 Qb5 46. Nd6 Qxd5 47. Nxe4 Qxe4 48. Nd4 Be6 49. f3 Qe3+ 50. Qf2 Qg5+
51. Kf1 Bd5 52. Rc8 Nf5 53. Nxf5 Qxf5 54. Qc5 Qb1+ 55. Bc1 Qd3+ 56. Ke1
Bxf3 57. Rxf8+ Kh7 58. Qe3 Qc4 59. Bb2 Qh4+ 60. Kd2 Qh2+ 61. Kc3 Qc7+ 62.
Qc5 Qd7 63. b5 Be4 64. Kb4 Qd2+ 65. Bc3 1-0

[Event "TCh-CRO Gp1B"]
[Site "Sibenik CRO"]
[Date "2010.09.05"]
[Round "2"]
[White "Bender,I"]
[Black "Franic,M"]
[Result "1-0"]
[WhiteElo "2292"]
[BlackElo "2382"]
[EventDate "2010.09.04"]

1. e4 e6 2. d4 d5 3. exd5 exd5 4. c4 Nf6 5. Nf3 Bb4+ 6. Nc3 O-O 7. Be2 dxc4
8. O-O Bxc3 9. bxc3 Ne4 10. Bxc4 Bg4 11. Ba3 Nd6 12. Be2 Nc6 13. c4 Re8 14.
Bb2 Bxf3 15. gxf3 Qh4 16. Kh1 Nf5 17. d5 Ne5 18. Rc1 Rad8 19. Bd3 Qh3 20.
Bxf5 Qxf5 21. Rc3 Qf4 22. Rg1 f6 23. Bc1 Qh4 24. f4 Ng6 25. Rcg3 Rd7 26.
Qf3 f5 27. Rh3 Qe7 28. Qh5 Nf8 29. Re3 Qf7 30. Qxf7+ Kxf7 31. Rxg7+ Kxg7
32. Rxe8 c6 33. dxc6 bxc6 34. Be3 Rb7 35. Rc8 Rb4 36. Bd4+ Kf7 37. Rxf8+
1-0

[Event "TCh-CRO Gp1B"]
[Site "Sibenik CRO"]
[Date "2010.09.05"]
[Round "2"]
[White "Doric,N"]
[Black "Brnas,A"]
[Result "1-0"]
[WhiteElo "2325"]
[BlackElo "2281"]
[EventDate "2010.09.04"]

1. Nf3 Nf6 2. c4 g6 3. Nc3 d5 4. Qa4+ Bd7 5. Qb3 dxc4 6. Qxc4 Bg7 7. e4 a6
8. d4 b5 9. Qb3 O-O 10. Be2 c5 11. dxc5 Be6 12. Qc2 Nc6 13. O-O Qc7 14. Be3
Ng4 15. Nd5 Bxd5 16. exd5 Nxe3 17. fxe3 Nb4 18. Qb3 Qxc5 19. Rac1 Qd6 20.
e4 a5 21. a3 Na6 22. Rc6 Qf4 23. Bxb5 Nb8 24. Rc4 Ra7 25. e5 Qf5 26. g4 1-0

[Event "TCh-CRO Gp1B"]
[Site "Sibenik CRO"]
[Date "2010.09.05"]
[Round "2"]
[White "Markotic,G"]
[Black "Antunovic,I"]
[Result "1-0"]
[WhiteElo "2279"]
[BlackElo "2153"]
[EventDate "2010.09.04"]

1. d4 d6 2. c4 e5 3. dxe5 dxe5 4. Qxd8+ Kxd8 5. Nc3 c6 6. g3 Be6 7. b3 Kc7
8. Bh3 Bxh3 9. Nxh3 f6 10. O-O Nd7 11. Bb2 Nh6 12. Kg2 Be7 13. Rad1 Rhe8
14. Bc1 Nf7 15. Bd2 Nf8 16. f4 Rad8 17. f5 Rd7 18. Bc1 Rxd1 19. Rxd1 Rd8
20. Rxd8 Nxd8 21. Nf2 Nd7 22. Nfe4 a6 23. g4 b5 24. cxb5 axb5 25. a4 b4 26.
Nb1 Nb7 27. Be3 Ndc5 28. Bxc5 Bxc5 29. Nbd2 Be7 30. Nc4 Nc5 31. Nxc5 Bxc5
32. Kf3 Kd7 33. Ke4 Kc7 34. Kd3 Kb7 35. Nd2 Kb6 36. Ne4 Be7 37. Kc4 h6 38.
Nf2 Ka6 39. Nd3 Ka5 40. Nc5 1-0

[Event "TCh-CRO Gp1B"]
[Site "Sibenik CRO"]
[Date "2010.09.05"]
[Round "2"]
[White "Sax,G"]
[Black "Sedlak,N"]
[Result "1/2-1/2"]
[WhiteElo "2529"]
[BlackElo "2550"]
[EventDate "2010.09.04"]

1. e4 e6 2. d4 d5 3. e5 c5 4. c3 Nc6 5. Nf3 Bd7 6. Be2 Rc8 7. O-O Nge7 8.
Na3 cxd4 9. cxd4 Nf5 10. Nc2 Qb6 11. g4 Nfe7 12. Nh4 Ng6 13. Ng2 f6 14.
exf6 gxf6 15. Kh1 Bg7 16. f4 f5 17. gxf5 exf5 18. Bf3 Nce7 19. b3 O-O 20.
Ba3 Qf6 21. Qd2 Rfe8 22. Rfe1 Be6 23. Bd6 Bf7 24. Be5 Qc6 25. Bxg7 Kxg7 26.
Nce3 Qc3 27. Qxc3 Rxc3 28. Rac1 Rec8 29. Rxc3 Rxc3 30. Kg1 Rd3 31. Rc1 Rxd4
32. Rc7 Rd2 33. Rxb7 d4 34. Nd5 Bxd5 35. Bxd5 Rxa2 36. Bc4 a5 37. Rd7 a4
38. bxa4 Rxa4 39. Rxd4 Kh6 40. Ne3 Nh4 1/2-1/2

[Event "TCh-CRO Gp1B"]
[Site "Sibenik CRO"]
[Date "2010.09.05"]
[Round "2"]
[White "Bogosavljevic,B"]
[Black "Rezan,S"]
[Result "1-0"]
[WhiteElo "2554"]
[BlackElo "2428"]
[EventDate "2010.09.04"]

1. Nf3 Nf6 2. g3 g6 3. Bg2 Bg7 4. O-O O-O 5. d4 d6 6. a4 c6 7. a5 Qc7 8. c4
Bf5 9. Be3 e5 10. Nc3 Ng4 11. Bc1 exd4 12. Nxd4 Be6 13. Nxe6 fxe6 14. Ne4
d5 15. Ng5 Qe7 16. Bh3 h6 17. Nf3 h5 18. cxd5 exd5 19. Ra4 Re8 20. e4 dxe4
21. Ng5 e3 22. Qb3+ Kh8 23. Nf7+ Kg8 24. Nh6+ Kh7 25. Nxg4 hxg4 26. Rxg4
Bh6 27. Qd3 Rg8 28. Rh4 Rd8 29. Qc4 Rd2 30. fxe3 1-0

[Event "TCh-CRO Gp1B"]
[Site "Sibenik CRO"]
[Date "2010.09.05"]
[Round "2"]
[White "Rogulj,B"]
[Black "Medak,B"]
[Result "0-1"]
[WhiteElo "2412"]
[BlackElo "2346"]
[EventDate "2010.09.04"]

1. e4 d6 2. d4 Nf6 3. Nc3 g6 4. Be2 Bg7 5. h4 c5 6. dxc5 Qa5 7. cxd6 Nxe4
8. dxe7 Nxc3 9. bxc3 Bxc3+ 10. Bd2 Kxe7 11. Bxc3 Qxc3+ 12. Kf1 Rd8 13. Bd3
Nc6 14. Ne2 Qe5 15. Rb1 b6 16. Qc1 h5 17. Qa3+ Qd6 18. Qc3 Be6 19. Re1 Rac8
20. Qd2 Nd4 21. Nxd4 Qxd4 22. Rh3 Rc5 23. Kg1 Kf8 24. Rhe3 Kg7 25. Re4 Qf6
26. Qe3 Qc3 27. Qf4 Rd4 28. Qg3 Rxe4 29. Rxe4 Qa1+ 30. Kh2 Qxa2 31. Qf4 Qd5
32. f3 a5 33. g4 b5 34. Kg3 a4 35. g5 a3 36. Qf6+ Kg8 37. f4 Qf5 38. Qd8+
Kh7 39. Qd4 a2 40. Kf2 Qh3 41. Re1 Qxh4+ 42. Ke2 Qg4+ 43. Kd2 Qg2+ 44. Re2
Qd5 45. Qf6 Rc6 0-1

[Event "TCh-CRO Gp1B"]
[Site "Sibenik CRO"]
[Date "2010.09.05"]
[Round "2"]
[White "Tomerlin,S"]
[Black "Mestrovic,Z"]
[Result "0-1"]
[WhiteElo "2300"]
[BlackElo "2379"]
[EventDate "2010.09.04"]

1. e4 Nc6 2. d4 d6 3. Nf3 Nf6 4. d5 Nb8 5. Nc3 g6 6. Be2 Bg7 7. Be3 O-O 8.
O-O c6 9. h3 cxd5 10. exd5 Nbd7 11. Nd2 Nb6 12. Nb3 Bd7 13. a4 Qc7 14. Bd4
Bh6 15. Bf3 a6 16. Re1 Rfe8 17. Nd2 Rac8 18. b3 Bg7 19. a5 Na8 20. Nc4 Bb5
21. Nxb5 axb5 22. Ne3 Qd7 23. g4 h6 24. h4 Nh7 25. Bxg7 Kxg7 26. Qd4+ Kg8
27. Re2 Nc7 28. b4 e5 29. dxe6 Nxe6 30. Qb6 Qe7 31. Ng2 Qf6 32. Ra3 Nd4 33.
Rxe8+ Rxe8 34. Bxb7 Re2 35. Rg3 Qxf2+ 36. Kh2 Rxc2 37. Qd8+ Nf8 38. Qxd6
Ne2 39. Rf3 Qg1+ 40. Kh3 Qh1+ 41. Qh2 Ng1+ 42. Kg3 Qxh2+ 43. Kxh2 Nxf3+ 44.
Bxf3 Ne6 45. Kg3 Rb2 46. a6 Nc7 47. a7 Ra2 48. Nf4 Rxa7 49. Nd3 Ra3 50. Be2
Nd5 0-1

[Event "TCh-CRO Gp1B"]
[Site "Sibenik CRO"]
[Date "2010.09.05"]
[Round "2"]
[White "Paljusaj,E"]
[Black "Sasvari,Z"]
[Result "1-0"]
[WhiteElo "2309"]
[BlackElo "2225"]
[EventDate "2010.09.04"]

1. e4 c5 2. Nf3 Nc6 3. d4 cxd4 4. Nxd4 g6 5. c4 Nf6 6. Nc3 Nxd4 7. Qxd4 d6
8. Be2 Bg7 9. Bd2 O-O 10. Qe3 Ng4 11. Bxg4 Bxg4 12. O-O a6 13. a4 Rc8 14.
b3 Bd7 15. Rac1 Re8 16. Nd5 e6 17. Nb6 Rc6 18. a5 d5 19. Bc3 Bxc3 20. Rxc3
dxe4 21. Rd1 Rc7 22. Qd4 Qe7 23. Nxd7 Rd8 24. Nf6+ 1-0

[Event "TCh-CRO Gp1B"]
[Site "Sibenik CRO"]
[Date "2010.09.05"]
[Round "2"]
[White "Dulic,G"]
[Black "Biliskov,V"]
[Result "1/2-1/2"]
[WhiteElo "2243"]
[BlackElo "2296"]
[EventDate "2010.09.04"]

1. e4 c5 2. Nf3 d6 3. d4 cxd4 4. Nxd4 Nf6 5. Nc3 Nc6 6. Bg5 Qb6 7. Nb3 e6
8. Qd2 a6 9. O-O-O Be7 10. f4 O-O 11. Kb1 h6 12. Bxf6 Bxf6 13. g4 Qb4 14.
a3 Bxc3 15. axb4 Bxd2 16. Rxd2 Rd8 17. c3 Kf8 18. Na5 Nxa5 19. bxa5 Ke7 20.
e5 dxe5 21. Rxd8 Kxd8 22. fxe5 Bd7 23. Bg2 Kc7 24. Rf1 Rf8 25. Be4 Bc6 26.
Bd3 f6 27. Bc4 Kd7 28. Rd1+ Ke7 29. Rd6 Bd7 30. Rb6 Bc8 31. exf6+ Rxf6 32.
Bd3 Rf4 33. h3 Kd7 34. Kc2 Kc7 35. Kd2 Rf3 36. h4 Rf4 37. Be2 g5 38. hxg5
hxg5 39. Ke3 e5 40. Rg6 Bxg4 41. Rxg5 Bxe2 42. Rxe5 1/2-1/2

[Event "TCh-CRO Gp1B"]
[Site "Sibenik CRO"]
[Date "2010.09.06"]
[Round "3"]
[White "Sedlak,N"]
[Black "Erdos,V"]
[Result "0-1"]
[WhiteElo "2550"]
[BlackElo "2576"]
[EventDate "2010.09.04"]

1. d4 d5 2. Nf3 Nf6 3. c4 e6 4. e3 Nbd7 5. b3 b6 6. Bd3 Bb7 7. Bb2 Bd6 8.
O-O O-O 9. Nc3 a6 10. cxd5 exd5 11. Rc1 Qe7 12. Ne2 Ne4 13. Qc2 Rac8 14.
Qb1 Rfe8 15. Ng3 Qe6 16. Rc2 f5 17. Qc1 Rf8 18. Ba3 c5 19. Bb2 Rce8 20. Rd1
Qh6 21. Re2 Re6 22. dxc5 bxc5 23. b4 c4 24. Bxe4 fxe4 25. Nd4 Rg6 26. b5
Ne5 27. Ba3 Nd3 28. Qc3 Bc8 29. Bxd6 Rxd6 30. bxa6 Rxa6 31. Rf1 Qh4 32. Rb1
Rh6 33. Nf1 Rhf6 34. Qa5 Qh5 35. Ng3 Qf7 36. f4 exf3 37. gxf3 h5 38. Rb6
Rxb6 39. Qxb6 h4 40. Nf1 Bg4 41. Nd2 c3 42. Nb1 Bxf3 0-1

[Event "TCh-CRO Gp1B"]
[Site "Sibenik CRO"]
[Date "2010.09.06"]
[Round "3"]
[White "Gonda,L"]
[Black "Bogosavljevic,B"]
[Result "1/2-1/2"]
[WhiteElo "2550"]
[BlackElo "2554"]
[EventDate "2010.09.04"]

1. Nf3 d5 2. d4 Nf6 3. c4 c6 4. cxd5 cxd5 5. Nc3 Nc6 6. Bf4 a6 7. Rc1 Ne4
8. Ne5 Nxc3 9. Rxc3 Bd7 10. e3 e6 11. a3 Rc8 12. Be2 Be7 13. O-O O-O 14.
Qd2 1/2-1/2

[Event "TCh-CRO Gp1B"]
[Site "Sibenik CRO"]
[Date "2010.09.06"]
[Round "3"]
[White "Medak,B"]
[Black "Biti,O"]
[Result "1/2-1/2"]
[WhiteElo "2346"]
[BlackElo "2370"]
[EventDate "2010.09.04"]

1. Nf3 Nf6 2. g3 d6 3. Bg2 g6 4. O-O Bg7 5. c4 O-O 6. Nc3 e5 7. d3 Nc6 8.
Rb1 a5 9. Bd2 h6 10. a3 Be6 11. b4 axb4 12. axb4 Qd7 13. c5 1/2-1/2

[Event "TCh-CRO Gp1B"]
[Site "Sibenik CRO"]
[Date "2010.09.06"]
[Round "3"]
[White "Vujec,I"]
[Black "Dulic,G"]
[Result "1-0"]
[WhiteElo "2037"]
[BlackElo "2243"]
[EventDate "2010.09.04"]

1. d4 Nf6 2. c4 g6 3. Nc3 d5 4. cxd5 Nxd5 5. e4 Nxc3 6. bxc3 Bg7 7. Bc4 O-O
8. Ne2 c5 9. Be3 Qc7 10. Rc1 Rd8 11. O-O Nc6 12. Qd2 e6 13. f4 Qa5 14. Rfd1
b5 15. Bb3 Bb7 16. e5 cxd4 17. cxd4 Qxd2 18. Rxd2 Nb4 19. Rc7 Bd5 20. Nc3
Bxb3 21. axb3 a6 22. Rb7 Rdc8 23. Ne4 Rc1+ 24. Kf2 Rb1 25. Nc5 Bf8 26. g4
Rc8 27. f5 Bxc5 28. dxc5 Nd5 29. Bh6 Rxb3 30. fxe6 fxe6 31. Kg2 g5 32. Bxg5
Rf8 33. Bh6 Ne3+ 34. Bxe3 Rxe3 35. Rdd7 Rf4 36. Rg7+ Kf8 37. Rxh7 Kg8 38.
Rbg7+ Kf8 39. c6 Rc3 40. c7 Ra4 41. Rf7+ Kg8 42. Rhg7+ Kh8 43. c8=Q+ Rxc8
44. Kg3 b4 45. Kh4 b3 46. Rb7 Rb4 47. Rh7+ Kg8 48. Rbg7+ Kf8 49. Kg5 Rc2
50. h3 Rh2 51. Ra7 Kg8 52. Kg6 Rxh3 53. Ra8+ 1-0

[Event "TCh-CRO Gp1B"]
[Site "Sibenik CRO"]
[Date "2010.09.06"]
[Round "3"]
[White "Ragger,M"]
[Black "Sax,G"]
[Result "1-0"]
[WhiteElo "2628"]
[BlackElo "2529"]
[EventDate "2010.09.04"]

1. d4 Nf6 2. c4 e6 3. Nf3 b6 4. g3 Ba6 5. Qc2 Bb7 6. Bg2 c5 7. d5 exd5 8.
cxd5 Nxd5 9. O-O Be7 10. Qe4 Bc6 11. Ne5 Nf6 12. Nxc6 Nxc6 13. Qa4 O-O 14.
Rd1 Qc8 15. Nc3 a6 16. Bg5 h6 17. Bxf6 Bxf6 18. Nd5 Bd8 19. Ne3 Ra7 20. Nf5
Nd4 21. Nxd4 cxd4 22. Qxd4 Qb8 23. Rd2 Bf6 24. Qg4 Re8 25. Rad1 Re7 26. Bd5
Rc7 27. Bb3 Qc8 28. Rd6 Rc6 29. Rxd7 Rxd7 30. Qxd7 Qxd7 31. Rxd7 Bxb2 32.
Rxf7 Kh7 33. f4 Bd4+ 34. Kg2 Be3 35. Bd5 Rd6 36. Bb3 Rc6 37. Rd7 Rc3 38.
Bd5 Kg6 39. Rd6+ Kf5 40. Bf7 1-0

[Event "TCh-CRO Gp1B"]
[Site "Sibenik CRO"]
[Date "2010.09.06"]
[Round "3"]
[White "Rezan,S"]
[Black "Bogut,Z"]
[Result "1-0"]
[WhiteElo "2428"]
[BlackElo "2451"]
[EventDate "2010.09.04"]

1. d4 c5 2. d5 Nf6 3. c4 e6 4. Nc3 exd5 5. cxd5 d6 6. Nf3 g6 7. Bf4 Bg7 8.
Qa4+ Bd7 9. Qb3 Qc7 10. e4 O-O 11. Nd2 Nh5 12. Be3 f5 13. exf5 gxf5 14. Be2
Be8 15. Nf3 f4 16. Bd2 Qe7 17. O-O Nd7 18. Rfe1 Ne5 19. Ne4 b6 20. Bc3 Rf5
21. Nxe5 Bxe5 22. Bg4 Bxc3 23. Qxc3 Re5 24. Be6+ Bf7 25. Bxf7+ Qxf7 26.
Nxd6 Rxe1+ 27. Qxe1 Qxd5 28. Rd1 Qxa2 29. Qe5 Ng7 30. Ne4 Qe6 31. Nf6+ Kh8
32. Qxe6 Nxe6 33. Rd7 Nf8 34. Rb7 Rd8 35. Kf1 Rd2 36. Rxa7 Rxb2 37. Rf7 c4
38. Rxf8+ Kg7 39. Nd7 c3 40. Rc8 Rd2 41. Rxc3 Rxd7 42. Ke2 b5 43. Rb3 Rb7
44. Kf3 Kf6 45. Kxf4 Ke6 46. Ke4 Kd6 47. Kd4 Rf7 48. f3 Kc6 49. g4 b4 50.
Ke5 Kc5 51. f4 Re7+ 52. Kf6 Rb7 53. f5 Kc4 54. Rb1 b3 55. g5 Rb6+ 56. Kg7
Rb7+ 57. Kh6 b2 58. g6 hxg6 59. fxg6 Rb6 60. h4 Kc3 61. h5 Kc2 62. Rxb2+
Rxb2 63. Kh7 Rb5 64. h6 1-0

[Event "TCh-CRO Gp1B"]
[Site "Sibenik CRO"]
[Date "2010.09.06"]
[Round "3"]
[White "Filipovic,Ma"]
[Black "Rogulj,B"]
[Result "0-1"]
[WhiteElo "2351"]
[BlackElo "2412"]
[EventDate "2010.09.04"]

1. d4 Nf6 2. c4 g6 3. Nc3 d5 4. Nf3 Bg7 5. Bf4 O-O 6. Rc1 c6 7. e3 Be6 8.
h3 dxc4 9. Ng5 Bd5 10. e4 h6 11. exd5 hxg5 12. dxc6 Nxc6 13. Bxg5 b5 14.
Bxf6 exf6 15. d5 Ne5 16. Be2 b4 17. Na4 Nd3+ 18. Bxd3 cxd3 19. Qxd3 Qe8+
0-1

[Event "TCh-CRO Gp1B"]
[Site "Sibenik CRO"]
[Date "2010.09.06"]
[Round "3"]
[White "Mestrovic,Z"]
[Black "Bender,I"]
[Result "1/2-1/2"]
[WhiteElo "2379"]
[BlackElo "2292"]
[EventDate "2010.09.04"]

1. e4 c5 2. c3 d5 3. exd5 Qxd5 4. Nf3 Nf6 5. d4 e6 6. Na3 cxd4 7. Nb5 Na6
8. Qxd4 Bc5 9. Qxd5 Nxd5 10. b4 Be7 11. a3 Nac7 12. Nxc7+ Nxc7 13. Bf4 Nd5
14. Bd2 Bf6 15. Rc1 Bd7 16. c4 Nc7 17. Be2 O-O-O 18. O-O Bc6 19. Be3 Bxf3
20. Bxf3 Bd4 21. Rfe1 Bxe3 22. Rxe3 Rd2 23. Be4 Rhd8 24. Kf1 g6 25. Bc2
R2d4 26. Bb3 Kd7 27. Rd1 Ke7 28. Rxd4 Rxd4 29. Ke2 f5 30. Rd3 Rxd3 31. Kxd3
e5 32. c5 e4+ 33. Kd4 Nb5+ 34. Ke5 Nxa3 35. Bg8 Nc2 36. b5 Nb4 37. Bxh7 Kf7
38. g4 fxg4 39. Kd6 a5 40. Kc7 Nd3 41. c6 bxc6 42. b6 Nb4 43. b7 Na6+ 44.
Kb6 Nb8 45. Kc7 Na6+ 46. Kb6 Nb8 47. Kc7 1/2-1/2